Т. 1; Справочник технолога-машиностроителя

Bibliographische Detailangaben
Parent link:Справочник технолога-машиностроителя: в 2 т./ под ред. А. С. Васильева , А. А. Кутина. Т. 1.— 6-е изд., перераб. и доп..— , 2018.— 978-5-6040281-8-6
Zusammenfassung:В 1-м томе приведены сведения по управлению качеством и точности изготовления деталей машин, рекомендации по выбору заготовок, припуски на механическую обработку, сведения по разработке различных технологических процессов изготовления деталей, по обработке деталей на станках с ЧПУ и агрегатных станках, даны рекомендации по оформлению технической документации. Шестое издание (5-е изд. 2003 г. под ред. А. Г. Косиловой. Р. К. Мещерякова и др.) переработано и дополнено в соответствии с новыми достижениями технологической науки и практики и действующими стандартами. Для инженерно-технических работников всех отраслей машиностроения, может быть полезен преподавателям, аспирантам и студентам вузов.
Sprache:Russisch
Veröffentlicht: 2018
Schlagworte:
Format: MixedMaterials Buch
KOHA link:https://koha.lib.tpu.ru/cgi-bin/koha/opac-detail.pl?biblionumber=341457

MARC

LEADER 00000nam2a2200000 4500
001 341457
005 20231102005339.0
010 |a 9785604028162 
035 |a (RuTPU)RU\TPU\book\369466 
090 |a 341457 
100 |a 20181001d2018 km y0rusy50 ca 
101 0 |a rus 
102 |a RU 
105 |a a g 001zy 
200 0 |a Т. 1 
210 |d 2018 
215 |a 756 с.  |c ил. 
320 |a Библиография в конце глав 
330 |a В 1-м томе приведены сведения по управлению качеством и точности изготовления деталей машин, рекомендации по выбору заготовок, припуски на механическую обработку, сведения по разработке различных технологических процессов изготовления деталей, по обработке деталей на станках с ЧПУ и агрегатных станках, даны рекомендации по оформлению технической документации. Шестое издание (5-е изд. 2003 г. под ред. А. Г. Косиловой. Р. К. Мещерякова и др.) переработано и дополнено в соответствии с новыми достижениями технологической науки и практики и действующими стандартами. Для инженерно-технических работников всех отраслей машиностроения, может быть полезен преподавателям, аспирантам и студентам вузов. 
461 1 |0 (RuTPU)RU\TPU\book\360842  |y 978-5-6040281-8-6  |t Справочник технолога-машиностроителя  |o в 2 т.  |f под ред. А. С. Васильева , А. А. Кутина  |v Т. 1  |e 6-е изд., перераб. и доп.  |d 2018 
606 1 |a Технология машиностроения  |2 stltpush  |3 (RuTPU)RU\TPU\subj\60151  |9 77640 
610 1 |a точность 
610 1 |a нормирование 
610 1 |a качество 
610 1 |a управление 
610 1 |a машины 
610 1 |a детали машин 
610 1 |a машиностроительное производство 
610 1 |a заготовки 
610 1 |a механическая обработка 
610 1 |a припуски 
610 1 |a конструкции 
610 1 |a технологичность 
610 1 |a станки с ЧПУ 
610 1 |a агрегатные станки 
610 1 |a автоматические линии 
610 1 |a термическая обработка 
610 1 |a технологическая документация 
610 1 |a справочники 
675 |a 621.002(035)  |v 4 
801 1 |a RU  |b 63413507  |c 20181001 
801 2 |a RU  |b 63413507  |c 20190902  |g RCR 
942 |c BK 
959 |a 7/20190619  |d 1  |e 7700,00  |f УФ:1